1904 1227 1445 1315 1519 1011 1538 1884 1626 1970 1317 1624 1882 1833 1299 1032 1928 1860 1179 1330 1667 1699 1081 1290 1704 1622 1748 1521 1378 1801 1562 1880 1092 1863 1913 1972 1535 1784 1253 1324 1334 1978 1191 1712 1853 1245 1346 1905 1863 1712 1961 1355 1353 1112 1213 1564 1382 1631 1040 1142 1856 1307 1512 1641 1980 1151 1035 1436 1646 1995 1986 1407 1100 1942 1380 1033 1471 1438 1554 1358 1432 1474 1015 1855 1458 1521 1408 1812 1966 1650 1837 1583 1025 1291 1101 1113 1158 2000 1497 BCNSPRNW ULIB Ver.6.0+V

เปลี่ยนเป็นภาษาไทย

Change to English
 แสดงรายละเอียดบรรณานุกรม
  กลับหน้าหลัก

Brief Record : Get Marc (ISO 2709) : E-mail record : QR code < ปิดหน้าต่าง
LEADER : 00000nam 2200000uu 4500
001    13399112827
003     ULIB
008    110912s2546||||th 000 0 tha d
020    9749553241
050  4 LB2324^bท125ท 2546
245 00 เท่าทันคุณภาพ /^cสำนักมาตรฐานอุดมศึกษา สำนักงานปลัดทบวงมหาวิทยาลัย
250    พิมพ์ครั้งที่ 1
260    กรุงเทพฯ :^bสำนักงานมาตรฐานอุดมศึกษา,^c2546
300    64 หน้า ;^c21 ซม.
610 27 โครงการพัฒนาบัณฑิตอุดมคติไทย
650  4 การประเมินผลทางการศึกษา
650  4 การศึกษาคุณภาพการศึกษา
650  4 ประกันคุณภาพการศึกษา
650  4 ประกันคุณภาพการศึกษาระดับอุดมศึกษา
650  4 องค์การ^xการบริหาร
700 2  ทบวงมหาวิทยาลัย. ^bสำนักมาตรฐานอุดมศึกษา.
945    ^p0^l0^i015906
945    ^p0^l0^i015907
995    ทศพร
999 ^a ทศพร
รายการนี้ยังไม่มีแท็ก
คุณยังไม่ได้ล็อกอิน คุณสามารถมีกิจกรรมร่วมกับเว็บไซต์ได้ แต่ต้องล็อกอินก่อน ::
  ล็อกอิน

รายการสื่อสารสนเทศ

ลำดับที่ ประเภท เลขเรียก/บาร์โค้ด สถานที่ สถานะ
- ไม่พบข้อมูล -

รายการใกล้เคียง
    หัวเรื่อง [การประเมินผลทางการศึกษา]
    หัวเรื่อง [การศึกษาคุณภาพการศึกษา]
    หัวเรื่อง [ประกันคุณภาพการศึกษา]
    หัวเรื่อง [ประกันคุณภาพการศึกษาระดับอุดมศึกษา]

BibComment


ยังไม่เคยถูกคอมเมนท์

คอมเมนท์ทรัพยากรรายการนี้
  คอมเมนท์: เท่าทันคุณภาพ สำ..


 Copyright 2026. Bcnsprnw @Library